000 00432nam a2200193Ia 4500
005 20250423094612.0
008 250422s9999 xx 000 0 und d
020 _a0-205-34984-6
050 _aQP 360 .P463/
100 _aJojn P.J Pinel
245 0 _aBiopsycology
250 _aFifth Edition
260 _aBoston
260 _bAllyn & Bacon
260 _c1990
300 _a566 p
650 _aPsychobiology
942 _cBK
999 _c27733
_d27733